Click Cities - Very Hard - Statistics

General Stats
  • This quiz has been taken 14 times
  • The average score is 11 of 25
Answer Stats
Hint Answer % Correct
Pontiac Michigan
85%
Elk Grove California
69%
Beaumont Texas
69%
Elko Nevada
62%
Clovis New Mexico
62%
Lima Ohio
62%
Kirkland Washington
62%
Jupiter Florida
54%
Alpharetta Georgia
54%
Stillwater Oklahoma
54%
Lee's Summit Missouri
46%
Gastonia North Carolina
46%
Narragansett Rhode Island
46%
Thornton Colorado
38%
Carmel Indiana
38%
Frostburg Maryland
38%
Grants Pass Oregon
38%
Beckley West Virginia
38%
Greenwood Mississippi
31%
Mitchell South Dakota
31%
Rutland Vermont
31%
Nikolski Alaska
23%
Biddeford Maine
15%
Gothenburg Nebraska
15%
Bartlett Tennessee
15%
No matching quizzes found
Score Distribution
Percent of People with Each Score
Percentile by Number Answered
Your Score History
You have not taken this quiz